书目信息 |
| 题名: |
超越传媒
|
|
| 作者: | 童清艳 , 童清艳 著 | |
| 分册: | ||
| 出版信息: | 北京 中国广播电视出版社 2002 |
|
| 页数: | 242页 | |
| 开本: | 20cm | |
| 丛书名: | 新闻与传播理论丛书 | |
| 单 册: | ||
| 中图分类: | G206.3 | |
| 科图分类: | ||
| 主题词: | 大众传播--应用心理学--研究 | |
| 电子资源: | ||
| ISBN: | 7-5043-3789-7 | |
| 000 | 01328nam0 2200361 450 | |
| 000 | 01293nam0 2200349 450 | |
| 000 | 01256nam0 2200337 450 | |
| 000 | 01175nam0 2200325 450 | |
| 000 | 01138nam0 2200313 450 | |
| 000 | 01071oam2 2200289 450 | |
| 001 | 0104000022 | |
| 005 | 20061027145226.75 | |
| 010 | @a7-5043-3789-7@dCNY16.00 | |
| 100 | @a20050927d2002 em y0chiy0110 ea | |
| 101 | 0 | @achi |
| 102 | @aCN@b110000 | |
| 105 | @ay z 000yy | |
| 200 | 1 | @a超越传媒@Achao yue chuan mei@e揭开媒介影响受众的面纱@f童清艳著@Ftong qing yan zhu |
| 210 | @a北京@c中国广播电视出版社@d2002 | |
| 215 | @a242页@d20cm | |
| 225 | 2 | @a新闻与传播理论丛书 |
| 314 | @a童清艳(女,1968~),安徽人,上海复旦大学新闻传播学博士,著有《超越传媒——揭开媒介影响受众的面纱》等。 | |
| 330 | @a本书从现代认知心理学的核心概念——认知结构入手,探讨人们于现代媒体中获取知识的方式和途径,以及在这一过程中传媒受众认知结构所表现出的主要特征。 | |
| 461 | 0 | @12001 @a新闻与传播理论丛书 |
| 510 | 1 | @aBeyond Mass Media@zeng |
| 606 | 0 | @a大众传播@x应用心理学@x研究 |
| 690 | @aG206.3@v4 | |
| 701 | 0 | @a童清艳@9tong qing yan@4著 |
| 701 | 0 | @a童清艳@Atong qing yan@4著 |
| 801 | 0 | @aCN@b北京荣雅伟业图书经销中心@c20061027 |
| 905 | @aBZT@dG206.3@e1 | |
| 906 | @dCNY16.00@n0@r1 | |
| 超越传媒:揭开媒介影响受众的面纱/童清艳著.-北京:中国广播电视出版社,2002 |
| 242页;20cm.-(新闻与传播理论丛书) |
| ISBN 7-5043-3789-7:CNY16.00 |
| 本书从现代认知心理学的核心概念——认知结构入手,探讨人们于现代媒体中获取知识的方式和途径,以及在这一过程中传媒受众认知结构所表现出的主要特征。 |
| ● |
| 相关链接 |
|
|
|
正题名:超越传媒
索取号:G206.3/1
 
预约/预借
| 序号 | 登录号 | 条形码 | 馆藏地/架位号 | 状态 | 备注 |
| 1 | 512456 | 230091091 | 中心书库北库/ 北库033架A面2列4层17/ [索取号:G206.3/1] | 在馆 | |
| 2 | 512457 | 230091093 | 中心书库北库/ 北库033架A面2列4层18/ [索取号:G206.3/1] | 在馆 | |
| 3 | 512458 | 230091095 | 中心书库北库/ 北库033架A面2列4层16/ [索取号:G206.3/1] | 在馆 | |
| 4 | 512459 | 230091097 | 中心书库北库/ 北库033架A面2列4层19/ [索取号:G206.3/1] | 在馆 | |
| 5 | 512460 | 230091099 | 中心书库北库/ 北库033架A面2列4层20/ [索取号:G206.3/1] | 在馆 |